banner-ar

HAND BOOK OF PHOTOENMISTRY / (Record no. 21648)

MARC details
000 -الفاتح
حقل البيانات ثابتة الطول 00482nam a2200193Ia 4500
008 - عناصر البيانات ثابتة الطول - معلومات عامة
حقل البيانات ثابتة الطول 140319s9999 xx 000 0 eng d
040 ## - مصدر الفهرسة
وكالة الفهرسة الأصلية GCL /
وكالة النسخ GCL
082 04 - رقم تصنيف ديوى العشرى
رقم التصنيف 541.350212
رقم المادة M H
100 1# - المدخل الرئيسى - إسم شخصى
الإسم الشخصى HUROV,STEVENL
245 10 - بيان العنوان
العنوان HAND BOOK OF PHOTOENMISTRY /
بيان المسئوليه,etc HUROV,STEVENL
700 1# - المدخل الاضافى - اسم شخصى
الإسم الشخصى CARMICHAELELAN
700 1# - المدخل الاضافى - اسم شخصى
الإسم الشخصى LUG,GORDONL
260 ## - PUBLICATION, DISTRIBUTION, ETC. (IMPRINT)
تاريخ النشر أو التوزيع 1993
300 ## - الوصف المادى
التعداد 420
650 04 - المدخل الاضافى بالموضوع-مصطلح موضوعى
مصطلح موضوعي PHOTOCHEMISTRY
650 04 - المدخل الاضافى بالموضوع-مصطلح موضوعى
مصطلح موضوعي TABLES
942 ## - عناصر المدخل الإضافي( كوها)
مصدر التصنيف او مخطط الترفيف Dewey Decimal Classification
Koha [default] item type كتاب
260 ## - PUBLICATION, DISTRIBUTION, ETC. (IMPRINT)
-- [S.N] :
-- MARCEL DEKKER ،
Holdings
حالة التراجع حالة الفقد حالة تلف ليس للاعارة المكان المؤقت الموقع الحالى تاريخ الاكتساب اجمالي اﻻعارات رقم الطلب الباركود تاريخ اخر مشاهدة تاريخ تفعيل السعر نوع وعاء كوها
        مكتبة القاهرة الكبرى مكتبة القاهرة الكبرى 03/26/2014   541.350212\M H 39823 03/26/2014 03/26/2014 كتاب

Powered By

EGPV